00525cam a22002171 4500001001300000003000400013005001700017008004100034010001700075035002000092040001800112050001600130100002200146245002500168260001100193300001900204500001400223504003100237650002200268999001700290sa 64005367 DLC20260227112032.0890628s1963 ii b 000 0 hino  asa 64005367  a(OCoLC)19939979 aDLCcWaUdDLC00aPK2049b.C41 aChandar, Krishan.10aSāhitya-saṅgama. c[1963] a120 p.c19 cm. aIn Hindi. aBibliographical footnotes. 0aHindi literature. c59083d59083